Повышение эффективности проведения и крепления подготовительных и нарезных выработок в зонах тектонических нарушений на железнорудных месторождениях: автореферат диссертации на соискание ученой степени кандидата технических наук; спец. 25.00.22

Dettagli Bibliografici
Autore principale: Филиппов В. Н. Владимир Николаевич
Ente Autore: Российская академия наук (РАН) Сибирское отделение (СО) Институт горного дела (ИГД)
Altri autori: Еременко А. А. Андрей Андреевич (научный руководитель)
Riassunto:Защита сост. 17.06.2011 г.
Lingua:russo
Pubblicazione: Новосибирск, 2011
Soggetti:
Natura: Libro
KOHA link:https://koha.lib.tpu.ru/cgi-bin/koha/opac-detail.pl?biblionumber=200703

MARC

LEADER 00000nam0a2200000 4500
001 200703
005 20231101224955.0
035 |a (RuTPU)RU\TPU\book\218784 
090 |a 200703 
100 |a 20110913d2011 k y0rusy50 ca 
101 0 |a rus 
102 |a RU 
105 |a a dm 001zy 
200 1 |a Повышение эффективности проведения и крепления подготовительных и нарезных выработок в зонах тектонических нарушений на железнорудных месторождениях  |e автореферат диссертации на соискание ученой степени кандидата технических наук  |e спец. 25.00.22  |f В. Н. Филиппов  |g Российская академия наук (РАН), Сибирское отделение (СО), Институт горного дела (ИГД) ; науч. рук. А. А. Еременко 
210 |a Новосибирск  |d 2011 
215 |a 23 с.  |c ил. 
300 |a Защита сост. 17.06.2011 г. 
320 |a Библиогр.: с. 20-22 (20 назв.). 
606 1 |a Железорудные месторождения  |x Системы разработки с массовым обрушением  |2 stltpush  |3 (RuTPU)RU\TPU\subj\10774  |9 37802 
610 1 |a горные выработки 
610 1 |a Горная Шория 
610 1 |a горно-геологические условия 
610 1 |a динамические явления 
610 1 |a подготовительные выработки 
610 1 |a нарезные выработки 
610 1 |a горные работы 
610 1 |a влияние 
610 1 |a горные породы 
610 1 |a напряженно-деформированное состояние 
610 1 |a удароопасные массивы 
610 1 |a горные удары 
610 1 |a крепление 
610 1 |a авторефераты диссертаций 
675 |a 622.34:622.274(04)  |v 3 
686 |a 25.00.22  |2 oksvnk 
700 1 |a Филиппов  |b В. Н.  |g Владимир Николаевич 
702 1 |a Еременко  |b А. А.  |g Андрей Андреевич  |4 727 
712 0 2 |a Российская академия наук (РАН)  |b Сибирское отделение (СО)  |b Институт горного дела (ИГД)  |c (Новосибирск)  |2 stltpush  |3 (RuTPU)RU\TPU\col\2521 
801 1 |a RU  |b 63413507  |c 20110913 
801 2 |a RU  |b 63413507  |c 20110926  |g RCR 
942 |c BK